000 00786nam a2200229Ii 4500
003 JO-AjNU
008 230605s9999||||xx |||||||||||||| ||und||
017 _a77/4279
020 _a977-266-184-5
040 _aJO-AjNU
_bara
_erda
_cJO-AjNU
041 _aara
050 1 4 _aLB1775.A7 1977
100 3 _aسليمان،عرفات عبد العزيز,
_eauthor
_915546
245 0 0 _aالمعلم والتربية:دراسة تحليلية مقارنة لطبيعة المهنة
250 _aط1
264 3 1 _aالقاهرة:مكتبة الأنجلو أمريكية،1977
300 _a237ص
336 _atext
_btxt
_2rdacontent
337 _aunmediated
_bn
_2rdamedia
338 _avolume
_bnc
_2rdacarrier
650 4 _aالتدريس-إدارة. المدرسون-تدريب
_915547
999 _aA4416
_c7984
_d7984